| 000 | 00545nam a2200205Ia 4500 | ||
|---|---|---|---|
| 008 | 170918s9999 xx 000 0 und d | ||
| 020 | _a590962264 | ||
| 050 | _bP451 1987 | ||
| 100 | _aPerl, Lila | ||
| 245 | _aMummies, tombs and treasure : | ||
| 245 | _bsecrets of Ancient Egypt / | ||
| 245 | _cLila Perl ; illustrated and photographs drawings by Erika Weihs. | ||
| 260 | _aNew York : | ||
| 260 | _bScholastic, | ||
| 260 | _c1987 | ||
| 300 | _a120 pages : | ||
| 300 | _bcolored illustration ; | ||
| 300 | _c23cm. | ||
| 500 | _a1090 | ||
| 999 |
_c342332 _d342332 |
||